ბათუმის შოთა რუსთაველის სახელმწიფო უნივერსიტეტის ბიბლიოთეკა

Lippincott's illustrated reviews: Biochemistry / (ბიბ.ჩანაწერი № 62215)

000 -LEADER
fixed length control field 01083cam a22003014a 4500
001 - CONTROL NUMBER
control field 16127919
003 - CONTROL NUMBER IDENTIFIER
control field GE_BSU
005 - DATE AND TIME OF LATEST TRANSACTION
control field 20240802142141.0
008 - FIXED-LENGTH DATA ELEMENTS--GENERAL INFORMATION
fixed length control field 100310s2005 en a 001 0 eng
010 ## - LIBRARY OF CONGRESS CONTROL NUMBER
LC control number 2010008046
020 ## - INTERNATIONAL STANDARD BOOK NUMBER
International Standard Book Number 9780781799836 X
040 ## - CATALOGING SOURCE
Original cataloging agency DLC
Transcribing agency DLC
080 ## - UNIVERSAL DECIMAL CLASSIFICATION NUMBER
Universal Decimal Classification number 577.1 Ch-43
100 1# - MAIN ENTRY--PERSONAL NAME
Personal name Champe, pamela C
Titles and words associated with a name Ph. D.
9 (RLIN) 23051
245 10 - TITLE STATEMENT
Title Lippincott's illustrated reviews: Biochemistry /
Statement of responsibility, etc. Pamela c.champe, Richard A. Harvey, Denise R. Ferrier
250 ## - EDITION STATEMENT
Edition statement 3rd ed.
260 ## - PUBLICATION, DISTRIBUTION, ETC.
Place of publication, distribution, etc. Philadelphia :
Name of publisher, distributor, etc. Lippincott Williams and Wilkins,
Date of publication, distribution, etc. 2005.
300 ## - PHYSICAL DESCRIPTION
Extent 534 p. :
Other physical details col. ill. ;
Dimensions 28 cm.
650 #0 - SUBJECT ADDED ENTRY--TOPICAL TERM
Topical term or geographic name entry element Biochemistry
Form subdivision Outlines, syllabi, etc.
9 (RLIN) 23052
650 #0 - SUBJECT ADDED ENTRY--TOPICAL TERM
Topical term or geographic name entry element Biochemistry
Form subdivision Examinations, questions, etc.
9 (RLIN) 23053
650 #0 - SUBJECT ADDED ENTRY--TOPICAL TERM
Topical term or geographic name entry element Clinical biochemistry
Form subdivision Outlines, syllabi, etc.
9 (RLIN) 23054
650 #0 - SUBJECT ADDED ENTRY--TOPICAL TERM
Topical term or geographic name entry element Clinical biochemistry
Form subdivision Examinations, questions, etc.
9 (RLIN) 23055
653 ## - INDEX TERM--UNCONTROLLED
keyword ბიოქიმია
700 ## - ADDED ENTRY--PERSONAL NAME
Personal name Harvey, Richard A.
9 (RLIN) 23056
700 ## - ADDED ENTRY--PERSONAL NAME
Personal name Ferrier, Denise R
9 (RLIN) 23057
906 ## - LOCAL DATA ELEMENT F, LDF (RLIN)
a 7
b cbc
c orignew
d 1
e ecip
f 20
g y-gencatlg
942 ## - ADDED ENTRY ELEMENTS (KOHA)
Source of classification or shelving scheme
Koha item type წიგნი
ეგზემპლარები
Withdrawn status Lost status Source of classification or shelving scheme Damaged status Not for loan Permanent Location Current Location Shelving location Date acquired Cost, normal purchase price Full call number Barcode Date last seen Copy number Uniform Resource Identifier Price effective from Koha item type Public note
          ბათუმის შოთა რუსთაველის სახელმწიფო უნივერსიტეტის მთავარი ბიბლიოთეკა ბათუმის შოთა რუსთაველის სახელმწიფო უნივერსიტეტის მთავარი ბიბლიოთეკა წიგნსაცავი 2024-08-02 15.00 577.1 Ch-43 66107 2024-08-02 66107 ნაჩუქარი 2024-08-02 წიგნი 15.00